[Event "Titled Tue 26th Aug Early"]
[Site "chess.com INT"]
[Date "2025.08.26"]
[Round "2"]
[White "Svane, Rasmus"]
[Black "Feuerstack, Aljoscha"]
[Result "0-1"]
[WhiteTitle "GM"]
[BlackTitle "IM"]
[WhiteElo "2619"]
[BlackElo "2449"]
[WhiteFideId "4657101"]
[BlackFideId "4681932"]
[EventDate "2025.08.26"]

1. Nf3 d5 2. g3 c6 3. Bg2 Nf6 4. O-O g6 5. c4 Bg7 6. Qb3 O-O 7. d4 a6 8. Nc3 e6
9. Bf4 Nbd7 10. Rac1 Nb6 11. Nd2 Nh5 12. Be3 e5 13. c5 exd4 14. Bxd4 Bxd4 15.
cxb6 Qxb6 16. Qc2 Re8 17. e3 Bg7 18. Na4 Qa5 19. b3 Bf5 20. e4 dxe4 21. Nxe4 Qb4
22. Nac5 b6 23. Nd3 Qd4 24. g4 Bxe4 25. Bxe4 Qxe4 26. gxh5 Qg4+ 27. Kh1 Qf3+ 28.
Kg1 Re4 29. h3 Qxh3 30. f3 Bd4+ 0-1

[Event "Titled Tue 26th Aug Early"]
[Site "chess.com INT"]
[Date "2025.08.26"]
[Round "2"]
[White "Urbina Perez, Juan Antonio"]
[Black "Manvelyan, Mikayel"]
[Result "0-1"]
[WhiteTitle "FM"]
[BlackTitle "FM"]
[WhiteElo "2221"]
[BlackElo "2386"]
[WhiteFideId "2217368"]
[BlackFideId "13310143"]
[EventDate "2025.08.26"]

1. e4 c5 2. d4 cxd4 3. Qxd4 Nc6 4. Qd3 g6 5. Nc3 Bg7 6. Nf3 d6 7. Be2 Nf6 8. O-O
O-O 9. Nd5 Bg4 10. c3 Nd7 11. h3 Bxf3 12. Qxf3 e6 13. Nf4 Nce5 14. Qe3 Nc5 15.
Rd1 Qc7 16. Nd3 Nexd3 17. Bxd3 a6 18. Bf1 b5 19. Qf4 Rfd8 20. Be3 Na4 21. Rd2
Rab8 22. Rad1 Be5 23. Qg4 b4 24. cxb4 Nxb2 25. Rb1 Rxb4 26. Qg5 Rdb8 27. Bxa6
Rxe4 0-1

[Event "Titled Tue 26th Aug Early"]
[Site "chess.com INT"]
[Date "2025.08.26"]
[Round "2"]
[White "Mekhitarian, Krikor Sevag"]
[Black "Ljukin, Sergei"]
[Result "1-0"]
[WhiteTitle "GM"]
[BlackTitle "FM"]
[WhiteElo "2549"]
[BlackElo "2362"]
[WhiteFideId "2107660"]
[BlackFideId "14102200"]
[EventDate "2025.08.26"]

1. Nf3 d5 2. c4 c6 3. d4 Nf6 4. Nc3 dxc4 5. e4 b5 6. Qc2 e6 7. Be2 Nbd7 8. O-O
Bb7 9. b3 b4 10. e5 Nd5 11. Bg5 Qa5 12. Ne4 c3 13. Rfd1 Qc7 14. Qc1 h6 15. Bh4
g5 16. Bg3 Be7 17. h4 g4 18. Ne1 h5 19. Nd3 c5 20. dxc5 Nxc5 21. Nd6+ Bxd6 22.
exd6 Qc6 23. Ne5 Qxd6 24. Nxf7 Qc6 25. Bb5 1-0

[Event "Titled Tue 26th Aug Early"]
[Site "chess.com INT"]
[Date "2025.08.26"]
[Round "2"]
[White "Hajialiyev, Islam"]
[Black "Sovetbekova, Nurai"]
[Result "0-1"]
[WhiteTitle "CM"]
[BlackTitle "WFM"]
[WhiteElo "2138"]
[BlackElo "2027"]
[WhiteFideId "13442724"]
[BlackFideId "13801910"]
[EventDate "2025.08.26"]

1. e4 c5 2. c3 Nf6 3. e5 Nd5 4. d4 cxd4 5. Nf3 d6 6. cxd4 Nc6 7. Bc4 dxe5 8.
dxe5 Ndb4 9. Qxd8+ Nxd8 10. Na3 Bg4 11. O-O a6 12. Bf4 e6 13. h3 Bxf3 14. gxf3
Bc5 15. Rfd1 Ndc6 16. Kg2 Ke7 17. Rd2 Rhd8 18. Rad1 Rxd2 19. Rxd2 Rd8 20. Bg5+
f6 21. Rxd8 Nxd8 22. exf6+ gxf6 23. Bd2 Ndc6 24. f4 b5 25. Bb3 Bd4 26. Nc2 Nd3
27. Nxd4 Nxd4 28. Bc3 Nxf4+ 29. Kg3 Nfe2+ 30. Kg4 Nxc3 31. bxc3 Nxb3 32. axb3 a5
33. Kf4 a4 34. bxa4 bxa4 35. Ke4 a3 0-1

[Event "Titled Tue 26th Aug Early"]
[Site "chess.com INT"]
[Date "2025.08.26"]
[Round "2"]
[White "Sevig, Mert Can"]
[Black "Perossa, Nicolas"]
[Result "0-1"]
[WhiteTitle "CM"]
[BlackTitle "FM"]
[WhiteElo "2143"]
[BlackElo "2284"]
[WhiteFideId "44546335"]
[BlackFideId "2850520"]
[EventDate "2025.08.26"]

1. Nf3 Nf6 2. g3 d6 3. Bg2 g6 4. O-O Bg7 5. d3 O-O 6. e4 e5 7. Nc3 Nc6 8. h3 h6
9. Be3 Be6 10. Qd2 Kh7 11. Nh4 d5 12. exd5 Nxd5 13. Nxd5 Bxd5 14. Nf3 f5 15. Ne1
Bxg2 16. Nxg2 Qd7 17. c3 f4 18. Bc5 f3 19. Ne3 Qxh3 20. Bxf8 Rxf8 21. Rfd1 Rf5
22. g4 Rf4 23. Qc2 Rxg4+ 0-1

[Event "Titled Tue 26th Aug Early"]
[Site "chess.com INT"]
[Date "2025.08.26"]
[Round "2"]
[White "Molina, Roberto Junio Brito"]
[Black "Dicen, Elis Denele"]
[Result "1/2-1/2"]
[WhiteTitle "IM"]
[BlackTitle "WFM"]
[WhiteElo "2378"]
[BlackElo "2069"]
[WhiteFideId "2109450"]
[BlackFideId "462560"]
[EventDate "2025.08.26"]

1. d4 Nf6 2. Nf3 e6 3. e3 d5 4. Bd3 c5 5. c3 Nc6 6. Nbd2 Bd6 7. O-O e5 8. dxe5
Nxe5 9. Nxe5 Bxe5 10. f4 Bd6 11. e4 dxe4 12. Nxe4 Nxe4 13. Bxe4 O-O 14. Qc2 h6
15. Be3 Qe7 16. Rae1 Qf6 17. f5 Re8 18. g3 Bd7 19. Bxb7 Rab8 20. Bg2 Re7 21. Bd2
Rxe1 22. Bxe1 Re8 23. g4 Bxh2+ 24. Kxh2 Rxe1 25. Rxe1 Qh4+ 26. Bh3 Qxe1 27. Qg2
Qe5+ 28. Qg3 Qe2+ 29. Qg2 Qe5+ 30. Qg3 Qe2+ 31. Qg2 Qe5+ 1/2-1/2

[Event "Titled Tue 26th Aug Early"]
[Site "chess.com INT"]
[Date "2025.08.26"]
[Round "2"]
[White "Tuguldur, Soninbayar"]
[Black "Arnold, Rhys"]
[Result "1-0"]
[WhiteTitle "CM"]
[BlackTitle "FM"]
[WhiteElo "2277"]
[BlackElo "2269"]
[WhiteFideId "4921224"]
[BlackFideId "1068849"]
[EventDate "2025.08.26"]

1. d4 Nf6 2. Bf4 c5 3. e3 g6 4. Nc3 Bg7 5. Nf3 O-O 6. Be2 d5 7. Ne5 b6 8. O-O
Bb7 9. a4 Nc6 10. Bb5 Rc8 11. h3 e6 12. Qe2 Nh5 13. Bh2 Nxe5 14. dxe5 Bh8 15.
Ba6 Rb8 16. Bxb7 Rxb7 17. a5 c4 18. axb6 axb6 19. Nb5 Qd7 20. Nd6 Ra7 21. b3
cxb3 22. cxb3 Rfa8 23. Rxa7 Rxa7 24. g4 Ng7 25. Rc1 Rc7 26. Ra1 Ra7 27. Rxa7
Qxa7 28. Qc2 Qd7 29. Qd3 Ne8 30. Qa6 Nxd6 31. exd6 Bf6 32. Qxb6 e5 33. Qc7 Qb5
34. d7 Qxb3 35. d8=Q+ Bxd8 36. Qxd8+ Kg7 37. Bxe5+ Kh6 38. Qh4# 1-0

[Event "Titled Tue 26th Aug Early"]
[Site "chess.com INT"]
[Date "2025.08.26"]
[Round "2"]
[White "Piesik, Piotr"]
[Black "Fikiet, Alex"]
[Result "1-0"]
[WhiteTitle "IM"]
[WhiteElo "2427"]
[BlackElo "2151"]
[WhiteFideId "1136194"]
[BlackFideId "2052717"]
[EventDate "2025.08.26"]

1. Nf3 d6 2. d4 Bg4 3. e4 Nd7 4. Nbd2 e5 5. h3 Bh5 6. dxe5 dxe5 7. Bc4 Ngf6 8.
Qe2 Bc5 9. O-O O-O 10. a4 c6 11. Nb3 Be7 12. a5 Qc7 13. Qe3 b5 14. axb6 axb6 15.
Rxa8 Rxa8 16. Nh4 b5 17. Bd3 Qb6 18. Nf5 Bf8 19. Qg3 Bg6 20. Be3 c5 21. Nd2 Qc6
22. c3 c4 23. Bc2 Ra2 24. Rb1 Qe6 25. Nf3 Nxe4 26. Nh6+ Kh8 27. Bxe4 Bxe4 28.
Ng5 Qg6 29. Ngxf7+ Qxf7 30. Nxf7+ Kg8 31. Nh6+ Kh8 32. Rd1 Nf6 33. Rd8 1-0

[Event "Titled Tue 26th Aug Early"]
[Site "chess.com INT"]
[Date "2025.08.26"]
[Round "2"]
[White "Klukin, Kirill"]
[Black "Dovgaliuk, Oleksandr"]
[Result "1-0"]
[WhiteTitle "IM"]
[BlackTitle "FM"]
[WhiteElo "2401"]
[BlackElo "2316"]
[WhiteFideId "24199273"]
[BlackFideId "14167247"]
[EventDate "2025.08.26"]

1. d4 Nf6 2. Nf3 g6 3. e3 Bg7 4. Be2 O-O 5. O-O d6 6. c4 c6 7. Nc3 Nbd7 8. b4
Qc7 9. Bb2 a5 10. b5 e5 11. Rc1 c5 12. dxe5 Nxe5 13. Nxe5 dxe5 14. Nd5 Nxd5 15.
cxd5 Qd6 16. b6 Bd7 17. Ba3 Rfc8 18. Qb3 a4 19. Qb1 Qxd5 20. Rfd1 Qe6 21. Bxc5
Bc6 22. e4 Bh6 23. Rc3 Rd8 24. h3 Bg5 25. Bg4 Rxd1+ 26. Bxd1 h5 27. Bxh5 Bf4 28.
Bg4 Rd8 29. Bxe6 Bxe4 30. Qe1 fxe6 31. g3 Bd2 32. Qxe4 Bxc3 1-0

[Event "Titled Tue 26th Aug Early"]
[Site "chess.com INT"]
[Date "2025.08.26"]
[Round "2"]
[White "Sarana, Alexey"]
[Black "Sharshenbekov, Emir"]
[Result "1-0"]
[WhiteTitle "GM"]
[BlackTitle "CM"]
[WhiteElo "2691"]
[BlackElo "2175"]
[WhiteFideId "24133795"]
[BlackFideId "13810634"]
[EventDate "2025.08.26"]

1. d4 Nf6 2. c4 g6 3. Nc3 Bg7 4. e4 d6 5. Bd3 O-O 6. Nge2 c5 7. d5 e6 8. Bg5
exd5 9. Nxd5 Be6 10. Nec3 Nbd7 11. f4 h6 12. Bh4 Qa5 13. O-O Ng4 14. Qe2 Bd4+
15. Kh1 Ndf6 16. h3 g5 17. fxg5 hxg5 18. hxg4 Nxg4 19. Rf5 Bxf5 20. exf5 Ne5 21.
Ne7+ Kg7 22. f6+ Kxf6 23. Ncd5+ Kg7 24. Nf5+ Kg6 25. Nde7+ Kf6 26. Nd5+ Ke6 27.
Rf1 Rh8 28. Nxd4+ cxd4 29. Bf5# 1-0

[Event "Titled Tue 26th Aug Early"]
[Site "chess.com INT"]
[Date "2025.08.26"]
[Round "2"]
[White "Fedorov, Artem Alek"]
[Black "Gutierrez Carmona, Juan Alejandro"]
[Result "1-0"]
[WhiteTitle "CM"]
[BlackTitle "FM"]
[WhiteElo "2093"]
[BlackElo "2036"]
[WhiteFideId "34418431"]
[BlackFideId "5106770"]
[EventDate "2025.08.26"]

1. e4 e5 2. Nf3 Nf6 3. Nxe5 d6 4. Nf3 Nxe4 5. d4 d5 6. Bd3 Be7 7. O-O Nc6 8.
Nbd2 Nxd2 9. Bxd2 Bg4 10. c3 O-O 11. h3 Bh5 12. g3 Qd7 13. Kg2 Bg6 14. Bxg6 hxg6
15. Re1 Bd6 16. Qb3 Ne7 17. Ne5 Bxe5 18. Rxe5 f6 19. Re2 c6 20. Rae1 Rae8 21.
Qa3 Nc8 22. Be3 g5 23. Qa4 Kf7 24. Qc2 Rh8 25. g4 g6 26. f3 1-0

[Event "Titled Tue 26th Aug Early"]
[Site "chess.com INT"]
[Date "2025.08.26"]
[Round "2"]
[White "Livaic, Leon"]
[Black "Gilfanov, Marat I"]
[Result "1-0"]
[WhiteTitle "GM"]
[BlackTitle "FM"]
[WhiteElo "2550"]
[BlackElo "2304"]
[WhiteFideId "14531534"]
[BlackFideId "34372164"]
[EventDate "2025.08.26"]

1. d4 d5 2. c4 e6 3. Nf3 Nf6 4. Nc3 a6 5. cxd5 exd5 6. Bg5 Be6 7. Bxf6 Qxf6 8.
Qb3 Ra7 9. g3 c6 10. Qb6 Ra8 11. Qxb7 Qe7 12. Qxa8 Qc7 13. e4 dxe4 14. Ng5 Bc8
15. Bc4 Bb4 16. O-O Ba5 17. Bxf7+ Ke7 18. Nd5+ cxd5 19. Qxd5 Bd7 20. Qxe4+ Kf8
21. Rac1 Qd6 22. Rc8+ Bxc8 23. Qe8# 1-0

[Event "Titled Tue 26th Aug Early"]
[Site "chess.com INT"]
[Date "2025.08.26"]
[Round "2"]
[White "Arca, Christian Gian Karlo"]
[Black "Zakarian, David"]
[Result "0-1"]
[WhiteTitle "FM"]
[BlackTitle "FM"]
[WhiteElo "2407"]
[BlackElo "2301"]
[WhiteFideId "5258138"]
[BlackFideId "13301276"]
[EventDate "2025.08.26"]

1. d4 a6 2. e4 b5 3. Nf3 Bb7 4. Bd3 d6 5. O-O Nd7 6. Qe2 e5 7. c3 Ngf6 8. a4
bxa4 9. Rxa4 Be7 10. Nbd2 a5 11. b3 O-O 12. Bb2 Re8 13. Rfa1 c5 14. d5 Nb6 15.
R4a2 Nfd7 16. Bb5 Bf6 17. c4 Rf8 18. Bc3 Qe7 19. Rxa5 g6 20. Ra7 Rfb8 21. Qd1
Qd8 22. R1a2 Rxa7 23. Rxa7 Qc8 24. Qa1 Ra8 25. Rxa8 Qxa8 26. Qxa8+ Bxa8 27. Ne1
Bb7 28. Nd3 Bg5 29. Nb1 f5 30. f3 Be3+ 31. Kf1 Nf6 32. Ba5 Nc8 33. Ke2 Bg1 34.
Nc3 Bxh2 35. Bd7 Nxd7 36. Nb5 Kf7 37. b4 Ba6 38. Nxd6+ Nxd6 39. bxc5 Nxc4 40. c6
Nxa5 41. cxd7 Ke7 0-1

[Event "Titled Tue 26th Aug Early"]
[Site "chess.com INT"]
[Date "2025.08.26"]
[Round "2"]
[White "Herbrig, Alexander"]
[Black "Petrenko, Maryna"]
[Result "1-0"]
[WhiteTitle "FM"]
[BlackTitle "WFM"]
[WhiteElo "2292"]
[BlackElo "1972"]
[WhiteFideId "12952044"]
[BlackFideId "14197820"]
[EventDate "2025.08.26"]

1. d4 d5 2. Nf3 e6 3. Bf4 Nf6 4. e3 c5 5. c3 Nc6 6. Nbd2 Qb6 7. b3 Be7 8. Bd3
O-O 9. O-O h6 10. Bg3 Nh5 11. Be5 Nxe5 12. Nxe5 Nf6 13. f4 Bd7 14. Kh1 Bc6 15.
Qe1 cxd4 16. exd4 Rfd8 17. Qg3 Bb5 18. Bxb5 Qxb5 19. Rae1 Qa5 20. f5 exf5 21.
Nxf7 Kxf7 22. Rxe7+ Kxe7 23. Qxg7+ Ke6 24. Re1+ Ne4 25. Qe5+ Kd7 26. Qxf5+ Kc7
27. Nxe4 dxe4 28. Qxa5+ b6 29. Qe5+ Kb7 30. Qxe4+ 1-0

[Event "Titled Tue 26th Aug Early"]
[Site "chess.com INT"]
[Date "2025.08.26"]
[Round "2"]
[White "Tsvetkov, Andrey"]
[Black "Gbiorczyk, Mikolaj"]
[Result "1-0"]
[WhiteTitle "IM"]
[BlackTitle "CM"]
[WhiteElo "2403"]
[BlackElo "2070"]
[WhiteFideId "34139360"]
[BlackFideId "21080763"]
[EventDate "2025.08.26"]

1. d4 f5 2. c4 Nf6 3. Nf3 g6 4. e4 fxe4 5. Nfd2 Bg7 6. Nc3 O-O 7. Ndxe4 Nxe4 8.
Nxe4 d5 9. Nc3 c5 10. dxc5 d4 11. Ne4 Nd7 12. Bd3 Nxc5 13. Nxc5 Qa5+ 14. Bd2
Qxc5 15. O-O Bf5 16. b4 Qc7 17. Qe2 Bxd3 18. Qxd3 Rac8 19. c5 e5 20. Rac1 Qc6
21. Rfe1 a5 22. b5 Qd5 23. Qc4 Rfd8 24. Bxa5 Qxc4 25. Rxc4 Rd5 26. Bb4 Bf8 27.
Rec1 d3 28. Kf1 d2 29. Rd1 Bxc5 30. Rxd2 Rxd2 31. Bxd2 b6 32. Be3 Ra8 33. Bxc5
bxc5 34. Rxc5 Rxa2 35. Rxe5 Rb2 36. g4 Kf7 37. g5 Kg7 38. Kg2 h5 39. Re7+ Kf8
40. Rb7 Ke8 41. h4 Rb4 42. Kg3 Rg4+ 43. Kh3 Rb4 44. f3 Rb3 45. Kg3 Rb4 46. Rg7
Rxb5 47. Rxg6 1-0

[Event "Titled Tue 26th Aug Early"]
[Site "chess.com INT"]
[Date "2025.08.26"]
[Round "2"]
[White "Keymer, Vincent"]
[Black "Karttunen, Mika"]
[Result "0-1"]
[WhiteTitle "GM"]
[BlackTitle "IM"]
[WhiteElo "2730"]
[BlackElo "2490"]
[WhiteFideId "12940690"]
[BlackFideId "502081"]
[EventDate "2025.08.26"]

1. c4 e5 2. d3 Nc6 3. Nf3 Nf6 4. a3 a5 5. Nc3 g6 6. g3 Bg7 7. Bg2 O-O 8. O-O d6
9. Rb1 h6 10. b4 axb4 11. axb4 Be6 12. b5 Ne7 13. Bb2 Qd7 14. Re1 Bh3 15. Bh1
Qe6 16. Qb3 c6 17. Ra1 Rab8 18. Ra7 Nd7 19. Rea1 Nc5 20. Qd1 e4 21. dxe4 Qxc4
22. Nd2 Qe6 23. Qc2 Nc8 24. R7a2 Nb6 25. bxc6 bxc6 26. Nd1 Nbd7 27. Bxg7 Kxg7
28. Ne3 Rfe8 29. Ra7 Ne5 30. Qc3 Qf6 31. Rc1 Rb2 32. f4 Ned7 33. e5 dxe5 34.
Qxb2 exf4 35. Qxf6+ Kxf6 36. Nef1 Rxe2 37. Bxc6 Nd3 38. Bxd7 Rg2+ 39. Kh1 Nf2# 0-1

[Event "Titled Tue 26th Aug Early"]
[Site "chess.com INT"]
[Date "2025.08.26"]
[Round "2"]
[White "Unsal, Gorkem"]
[Black "Murthy, Pappu"]
[Result "1-0"]
[WhiteTitle "CM"]
[WhiteElo "2145"]
[BlackElo "1836"]
[WhiteFideId "51607484"]
[BlackFideId "2013401"]
[EventDate "2025.08.26"]

1. e4 e5 2. Nf3 Nc6 3. Bc4 Nf6 4. d3 Bc5 5. O-O a6 6. c3 d6 7. a4 Ba7 8. Nbd2 h6
9. Re1 Ne7 10. Nf1 g5 11. Ng3 Bg4 12. h3 Be6 13. Bxe6 fxe6 14. d4 exd4 15. Nxd4
e5 16. Ne6 Qd7 17. Nh5 Neg8 18. Nhg7+ Ke7 19. Qb3 Qc6 20. Nf5+ Kd7 21. Neg7 d5
22. exd5 Qxd5 23. Rd1 1-0

[Event "Titled Tue 26th Aug Early"]
[Site "chess.com INT"]
[Date "2025.08.26"]
[Round "2"]
[White "Oluka Robert Mcligeyo"]
[Black "Waldhausen Gordon, Frederick"]
[Result "0-1"]
[WhiteTitle "CM"]
[BlackTitle "FM"]
[WhiteElo "2081"]
[BlackElo "2393"]
[WhiteFideId "10814647"]
[BlackFideId "2409143"]
[EventDate "2025.08.26"]

1. c4 e6 2. Nf3 d5 3. b3 d4 4. e3 c5 5. Bb2 Nc6 6. exd4 cxd4 7. d3 Nf6 8. Be2 e5
9. O-O Be7 10. a3 a5 11. Re1 O-O 12. Nbd2 Be6 13. Bf1 Nd7 14. Qc2 Qc7 15. Ne4 h6
16. Ng3 Rae8 17. h3 Nc5 18. Ne4 f5 19. Nxc5 Bxc5 20. b4 axb4 21. axb4 Bxb4 22.
Reb1 Ra8 23. Rxa8 Rxa8 24. Qe2 Bd7 25. Re1 Bxe1 26. Qxe1 Qd6 27. Be2 e4 28. dxe4
fxe4 0-1

[Event "Titled Tue 26th Aug Early"]
[Site "chess.com INT"]
[Date "2025.08.26"]
[Round "2"]
[White "Swara Lakshmi S Nair"]
[Black "Droin, Augustin"]
[Result "0-1"]
[WhiteTitle "WCM"]
[BlackTitle "IM"]
[WhiteElo "2138"]
[BlackElo "2481"]
[WhiteFideId "25629239"]
[BlackFideId "45105987"]
[EventDate "2025.08.26"]

1. e4 c5 2. Nf3 e6 3. d4 cxd4 4. Nxd4 Nc6 5. Nc3 d6 6. Bc4 Nge7 7. Be3 a6 8. Bb3
Nxd4 9. Bxd4 Nc6 10. Be3 Be7 11. Qg4 O-O 12. O-O-O b5 13. h4 b4 14. Ne2 a5 15.
h5 Ne5 16. Qg3 a4 17. Bh6 Bf6 18. Bxg7 Bxg7 19. h6 Qf6 20. f4 axb3 21. hxg7 Qxg7
22. fxe5 bxa2 23. Kd2 dxe5 24. Qh4 Ba6 25. Ng3 h6 26. Ra1 Bb5 27. Qxh6 Qxh6+ 28.
Rxh6 Rfd8+ 29. Ke3 b3 0-1

[Event "Titled Tue 26th Aug Early"]
[Site "chess.com INT"]
[Date "2025.08.26"]
[Round "2"]
[White "Tureshbayev, Anuar"]
[Black "Kiseleva, Arina"]
[Result "1-0"]
[WhiteTitle "CM"]
[BlackTitle "WCM"]
[WhiteElo "2214"]
[BlackElo "2006"]
[WhiteFideId "651081709"]
[BlackFideId "4164989"]
[EventDate "2025.08.26"]

1. Nf3 Nf6 2. e3 d5 3. b3 Bg4 4. Bb2 e6 5. h3 Bxf3 6. Qxf3 Nbd7 7. d4 Bd6 8. Bd3
O-O 9. Nd2 Qe7 10. c4 c6 11. Qe2 e5 12. cxd5 cxd5 13. dxe5 Nxe5 14. O-O Nxd3 15.
Qxd3 Be5 16. Bxe5 Qxe5 17. Rfd1 Rfd8 18. Nf3 Qe4 19. Qd4 h6 20. Rac1 b6 21. Ne5
Qxd4 22. Rxd4 Rdc8 23. Rdd1 Kf8 24. Kf1 Ke8 25. f3 Rxc1 26. Rxc1 Nd7 27. Nd3 g5
28. Nb4 Nf6 29. Rc7 a5 30. Nc6 Nd7 31. Ke2 a4 32. b4 a3 33. Kd3 Nf6 34. Kd4 Ra6
35. Ke5 1-0

[Event "Titled Tue 26th Aug Early"]
[Site "chess.com INT"]
[Date "2025.08.26"]
[Round "2"]
[White "Zarubitski, Viachaslau"]
[Black "Swarna Nihal"]
[Result "0-1"]
[WhiteTitle "IM"]
[BlackTitle "FM"]
[WhiteElo "2409"]
[BlackElo "2366"]
[WhiteFideId "13509373"]
[BlackFideId "25683640"]
[EventDate "2025.08.26"]

1. e4 c5 2. Nf3 g6 3. c3 d5 4. exd5 Qxd5 5. d4 Nc6 6. Be3 cxd4 7. Nxd4 Bg7 8.
Nxc6 Qxd1+ 9. Kxd1 bxc6 10. Be2 Nf6 11. Bd4 O-O 12. Bf3 Bg4 13. Bxg4 Nxg4 14.
Bxg7 Kxg7 15. Ke2 Rab8 16. b3 Rfd8 17. h3 Nf6 18. c4 Ne4 19. Ke3 f5 20. f3 Ng3
21. Re1 Kf6 22. Nc3 e5 23. Rad1 Nh5 24. Rxd8 Rxd8 25. Rd1 Rxd1 26. Nxd1 Nf4 27.
Kf2 e4 28. fxe4 fxe4 29. Ne3 Nd3+ 30. Ke2 Nc1+ 31. Kd2 Nxa2 32. Nc2 Ke5 33. b4
g5 34. g3 h5 35. b5 cxb5 36. cxb5 Kd5 37. h4 gxh4 38. gxh4 Kc5 39. Ke3 Nc3 40.
Ne1 Kxb5 41. Kd4 Kb4 42. Ng2 a5 43. Nf4 a4 0-1

[Event "Titled Tue 26th Aug Early"]
[Site "chess.com INT"]
[Date "2025.08.26"]
[Round "2"]
[White "Garcia Correa, Jose Ricardo"]
[Black "Omariev, Maksim"]
[Result "0-1"]
[WhiteTitle "FM"]
[BlackTitle "FM"]
[WhiteElo "2103"]
[BlackElo "2304"]
[WhiteFideId "5101832"]
[BlackFideId "4193423"]
[EventDate "2025.08.26"]

1. e4 c5 2. Nf3 d6 3. d4 cxd4 4. Nxd4 Nf6 5. Nc3 a6 6. f4 e6 7. Qf3 Qc7 8. Be3
b5 9. a3 Bb7 10. g4 Be7 11. g5 Nfd7 12. Bg2 Nb6 13. Nde2 Nc4 14. Bc1 Nd7 15. b3
Ncb6 16. Bb2 O-O 17. O-O d5 18. Qh3 Qc5+ 19. Kh1 d4 20. Nxd4 Qxd4 21. Nd5 Qxb2
22. Nxe7+ Kh8 23. g6 h6 24. gxf7 Rxf7 25. Qxe6 Qf6 26. Qxf6 Nxf6 27. Ng6+ Kh7
28. Ne5 Rc7 29. c4 bxc4 30. bxc4 Bxe4 31. Rac1 Rac8 32. Rc3 Bxg2+ 33. Kxg2 Nfd5
34. Rc2 Ne3+ 0-1

[Event "Titled Tue 26th Aug Early"]
[Site "chess.com INT"]
[Date "2025.08.26"]
[Round "2"]
[White "Purygin, Andrei"]
[Black "Veer Gandhi"]
[Result "1-0"]
[WhiteTitle "FM"]
[BlackTitle "CM"]
[WhiteElo "2309"]
[BlackElo "1785"]
[WhiteFideId "24111180"]
[BlackFideId "21600155"]
[EventDate "2025.08.26"]

1. e4 c6 2. g3 d5 3. Nc3 dxe4 4. Nxe4 Nf6 5. Bg2 Bf5 6. Nxf6+ exf6 7. d3 Bd6 8.
Ne2 O-O 9. O-O Nd7 10. Bf4 Nc5 11. Qd2 Ne6 12. Be3 Re8 13. Rfe1 Qc7 14. Rad1
Rad8 15. c3 c5 16. d4 cxd4 17. cxd4 Rc8 18. d5 Nc5 19. Nd4 Bg6 20. Nb5 Qd7 21.
Nxd6 Qxd6 22. Bf4 Qd7 23. d6 Ne4 24. Qd5 f5 25. Qd4 a6 26. Bh3 Rc6 27. Rxe4 Rxe4
28. Qxe4 fxe4 29. Bxd7 Rc2 30. Ba4 1-0

[Event "Titled Tue 26th Aug Early"]
[Site "chess.com INT"]
[Date "2025.08.26"]
[Round "2"]
[White "Lemos, Dawton Almino"]
[Black "Rogov, Matfey"]
[Result "0-1"]
[WhiteTitle "FM"]
[BlackTitle "FM"]
[WhiteElo "2172"]
[BlackElo "2348"]
[WhiteFideId "2146797"]
[BlackFideId "44191308"]
[EventDate "2025.08.26"]

1. e4 e6 2. d3 d5 3. Nd2 Nf6 4. Ngf3 Be7 5. g3 O-O 6. Bg2 b6 7. O-O Bb7 8. Re1
c5 9. e5 Nfd7 10. Nf1 Nc6 11. h4 d4 12. h5 h6 13. N1h2 Qc7 14. Ng4 f5 15. exf6
Nxf6 16. Bf4 Bd6 17. Nxf6+ Rxf6 18. Bxd6 Qxd6 19. Nd2 Qd7 20. Ne4 Rf7 21. c3
Raf8 22. c4 Ne5 23. f4 Nc6 24. a3 e5 25. fxe5 Nxe5 26. Rf1 Rxf1+ 27. Bxf1 Nxc4
28. Qb3 Bd5 29. Nxc5 Rxf1+ 30. Rxf1 Qh3 31. Ne4 Ne3 0-1

[Event "Titled Tue 26th Aug Early"]
[Site "chess.com INT"]
[Date "2025.08.26"]
[Round "2"]
[White "Parfenov, Viktor N."]
[Black "Alazmi, Amani"]
[Result "1-0"]
[WhiteTitle "CM"]
[BlackTitle "WCM"]
[WhiteElo "2193"]
[BlackElo "1745"]
[WhiteFideId "4165969"]
[BlackFideId "10303553"]
[EventDate "2025.08.26"]

1. d4 d5 2. c4 dxc4 3. e4 e5 4. Nf3 exd4 5. Bxc4 Nc6 6. O-O Be6 7. Bxe6 fxe6 8.
Qb3 Qc8 9. Ng5 Qd7 10. Nxe6 Rb8 11. Bf4 Bd6 12. Bxd6 cxd6 13. Na3 Nf6 14. Nb5
Rc8 15. Nbxd4 Na5 16. Qg3 Nxe4 17. Qg4 Nf6 18. Nxg7+ Kf7 19. Qxd7+ Nxd7 20. Ngf5
Rcg8 21. Rfe1 Ne5 22. Nxd6+ Kf6 23. f4 Ng4 24. Re6+ Kg7 25. N4f5+ Kf8 26. Re8# 1-0

[Event "Titled Tue 26th Aug Early"]
[Site "chess.com INT"]
[Date "2025.08.26"]
[Round "2"]
[White "Lissillour, Baptiste"]
[Black "Pliukha, Myhajlo"]
[Result "0-1"]
[WhiteTitle "FM"]
[WhiteElo "2208"]
[BlackElo "2209"]
[WhiteFideId "45179620"]
[BlackFideId "14164698"]
[EventDate "2025.08.26"]

1. Nf3 b6 2. g3 Bb7 3. Bg2 g5 4. O-O g4 5. Nh4 Bxg2 6. Nxg2 Bg7 7. d4 c5 8. d5
d6 9. e4 h5 10. c4 Nf6 11. Nc3 Nbd7 12. Bg5 Ne5 13. Nh4 Qd7 14. f4 gxf3 15. Nxf3
Nfg4 16. Nh4 Nxc4 17. Nf5 Bf6 18. Bxf6 Nxf6 19. a4 O-O-O 20. Qe2 Na5 21. Qa6+
Kb8 22. Nb5 Nxe4 23. Rae1 e6 24. Rxe4 exf5 25. Rxf5 Rhe8 26. Ref4 Re1+ 27. Kf2
Re7 28. Rf6 Qh3 29. Rxf7 Qxh2+ 30. Kf1 Qh1+ 31. Kf2 Qe1+ 32. Kg2 Re2+ 33. Kf3
Qf1# 0-1